[Event "Challenge"]
[Site "http://www.queenalice.com/game.php?id=376943"]
[Date "2008.3.25"]
[Round "-"]
[White "gummino"]
[Black "boilermaker1234"]
[Result "0-1"]
[WhiteElo "2275"]
[BlackElo "2077"]

1. e4 Nc6 2. d4 d5 3. Nc3 dxe4 4. d5 Ne5 5. Qd4 Ng6 6. Qxe4 Nf6 7. Qa4+ Bd7 8.
Bb5 a6 9. Bxd7+ Qxd7 10. Qxd7+ Nxd7 11. Nf3 e6 12. dxe6 fxe6 13. Ng5 Nc5 14. h4
h6 15. Nf3 O-O-O 16. h5 Ne7 17. Ne5 Rg8 18. Bd2 Nd5 0-1

[Event "AUTO-MASTER-400"]
[Site "http://www.queenalice.com/game.php?id=379441"]
[Date "2008.3.30"]
[Round "2"]
[White "kimonif"]
[Black "gummino"]
[Result "0-1"]
[WhiteElo "2344"]
[BlackElo "2275"]

1. e4 e5 2. Nf3 Nc6 3. Bb5 a6 4. Ba4 Nf6 5. O-O Be7 6. Re1 b5 7. Bb3 O-O 8. c3
d6 9. h3 Na5 10. Bc2 c5 11. d4 Qc7 12. Nbd2 cxd4 13. cxd4 Bb7 14. Nf1 Rac8 15.
Re2 d5 16. Nxe5 dxe4 17. Ng3 Rfd8 18. Nf5 Bd6 19. Ng4 Nxg4 20. hxg4 Bh2+ 21. Kh1
g6 0-1

[Event "AUTO-MASTER-400"]
[Site "http://www.queenalice.com/game.php?id=379442"]
[Date "2008.3.30"]
[Round "2"]
[White "gummino"]
[Black "kimonif"]
[Result "0-1"]
[WhiteElo "2340"]
[BlackElo "2345"]

1. e4 c5 2. Nf3 d6 3. Bb5+ Bd7 4. Bxd7+ Nxd7 5. O-O Ngf6 6. Qe2 e6 7. b3 Be7 8.
Bb2 O-O 9. Nc3 a6 10. Rad1 Rc8 11. d3 b5 12. a4 b4 13. Nb1 Nh5 14. g3 Nhf6 15.
Nbd2 d5 16. Rfe1 Re8 17. Nf1 d4 18. N1d2 Qc7 19. Nc4 Nb6 20. Nxb6 Qxb6 21. Ne5
Qc7 22. Nc4 Nd7 23. e5 Nb6 24. Nxb6 Qxb6 25. Qg4 Qc6 26. Bc1 Red8 27. Bh6 Bf8
28. Re4 Kh8 29. Bg5 Rd7 30. Rde1 Be7 31. Bxe7 Rxe7 32. Qh5 Qe8 33. Rh4 Qg8 34.
Ree4 f5 35. exf6 gxf6 36. Qh6 Qf8 37. Qf4 Rc6 38. Qf3 Rc8 39. Reg4 f5 40. Rg6
Qe8 41. Rf6 Rf7 42. Qh5 Rg7 0-1

[Event "Challenge"]
[Site "http://www.queenalice.com/game.php?id=446105"]
[Date "2008.8.9"]
[Round "-"]
[White "Standby"]
[Black "gummino"]
[Result "1-0"]
[WhiteElo "1823"]
[BlackElo "2250"]

1. d4 d5 2. c4 e6 3. Nf3 Nf6 4. e3 Be7 5. Be2 O-O 6. O-O c5 7. Nc3 cxd4 8. Nxd4
dxc4 9. Bxc4 Bd7 10. Re1 Nc6 11. a3 Rc8 12. Be2 Qb6 13. Nf3 Rfd8 14. Qc2 Ng4 15.
Nd2 Nge5 16. Nf3 Nxf3+ 17. Bxf3 Na5 18. b4 Nc4 19. Qb3 Bf6 20. Ra2 Na5 21. Qd1
Bc6 22. Qe2 Nb3 23. Bxc6 Bxc3 24. Bxb7 Bxe1 25. Bxc8 Nxc1 26. Qxe1 Nxa2 27. g3
1-0

[Event "Challenge"]
[Site "http://www.queenalice.com/game.php?id=446849"]
[Date "2008.8.10"]
[Round "-"]
[White "chessprm"]
[Black "gummino"]
[Result "1-0"]
[WhiteElo "2260"]
[BlackElo "2267"]

1. Nf3 Nf6 2. g3 g6 3. b3 Bg7 4. Bb2 O-O 5. Bg2 d6 6. d4 e5 7. dxe5 Nfd7 8. Nc3
dxe5 9. Qd2 Nb6 10. O-O-O Qxd2+ 11. Rxd2 f6 12. h4 Nc6 13. h5 Rf7 14. hxg6 hxg6
15. Ne1 Bf8 16. Nd3 Bf5 17. f4 Re8 18. Bxc6 bxc6 19. e4 Bg4 20. Rh4 Bd7 21. Rf2
g5 22. Rh1 gxf4 23. gxf4 exf4 24. Rxf4 Bd6 25. Rfh4 Kf8 26. Ne2 Ke7 27. c4 c5
28. Nef4 Bc6 29. Nd5+ 1-0

[Event "Sicilian Najdorf"]
[Site "http://www.queenalice.com/game.php?id=473527"]
[Date "2008.10.6"]
[Round "3"]
[White "gummino"]
[Black "csparrow"]
[Result "0-1"]
[WhiteElo "2255"]
[BlackElo "2486"]

1. e4 c5 2. Nf3 d6 3. d4 cxd4 4. Nxd4 Nf6 5. Nc3 a6 6. Bc4 e6 7. Bb3 Nbd7 8. f4
Nc5 9. e5 Nfd7 10. exd6 Nf6 11. Qe2 Bxd6 12. Nf5 O-O 13. Nxd6 Qxd6 14. O-O b5
15. Be3 Bb7 16. Rad1 Qc6 17. a3 Nxb3 18. cxb3 Ne4 19. Bd4 Nd6 20. Qf3 Qxf3 21.
gxf3 Nf5 22. Kf2 f6 23. b4 e5 24. Bc5 Rf7 25. fxe5 fxe5 26. Ke2 Nh4 27. Ne4 h6
28. Rd3 Rf4 29. Nd2 Nf5 0-1

[Event "AUTO-MASTER-631"]
[Site "http://www.queenalice.com/game.php?id=474519"]
[Date "2008.10.8"]
[Round "1"]
[White "AverBond"]
[Black "gummino"]
[Result "1-0"]
[WhiteElo "1977"]
[BlackElo "2227"]

1. c4 c5 2. Nc3 Nf6 3. e3 Nc6 4. Nf3 e6 5. d4 d5 6. cxd5 Nb8 7. dxe6 Bxe6 8.
Qa4+ Nc6 9. Bb5 Qb6 10. Bxc6+ Qxc6 11. Qxc6+ bxc6 12. O-O O-O-O 13. b3 cxd4 14.
Nxd4 Bd7 15. Rd1 Kb7 16. Bb2 Be7 17. e4 Rhe8 18. f3 g5 19. Rac1 g4 20. Na4 gxf3
21. gxf3 Bh3 22. Kf2 Nd5 23. Nf5 Bxf5 24. exf5 1-0

[Event "AUTO-MASTER-631"]
[Site "http://www.queenalice.com/game.php?id=474520"]
[Date "2008.10.8"]
[Round "1"]
[White "gummino"]
[Black "AverBond"]
[Result "0-1"]
[WhiteElo "2207"]
[BlackElo "2003"]

1. e4 c5 2. Nf3 Nc6 3. d4 cxd4 4. Nxd4 e5 5. Nb5 d6 6. Bc4 Nf6 7. Bg5 a6 8. Bxf6
gxf6 9. Qh5 Qd7 10. Be6 Qe7 11. Bxf7+ Kd8 12. N5c3 Be6 13. Bxe6 Qxe6 14. Nd5 Rc8
15. Nbc3 Ne7 16. O-O-O h6 17. Rhf1 Rg8 18. g3 Rg5 19. Qf3 Nxd5 20. Nxd5 Be7 21.
Qe3 Rc6 22. Qa7 Qc8 23. Nb6 Rxb6 24. Qxb6+ Qc7 0-1

[Event "AUTO-MASTER-631"]
[Site "http://www.queenalice.com/game.php?id=474535"]
[Date "2008.10.8"]
[Round "1"]
[White "rubenov"]
[Black "gummino"]
[Result "0-1"]
[WhiteElo "1933"]
[BlackElo "2315"]

1. d4 Nf6 2. c4 e6 3. a3 b6 4. Bg5 h6 5. Bh4 Be7 6. Nc3 c5 7. dxc5 bxc5 8. e3
Nc6 9. Nf3 O-O 10. Bd3 Bb7 11. O-O d6 12. e4 Rb8 13. Qc2 g5 14. Bg3 Nh5 15. Nb5
a6 16. Nc3 Nxg3 17. fxg3 g4 18. Nd2 h5 19. e5 Nd4 20. Qb1 dxe5 21. Bh7+ Kh8 22.
Nce4 f5 0-1

[Event "AUTO-MASTER-631"]
[Site "http://www.queenalice.com/game.php?id=474536"]
[Date "2008.10.8"]
[Round "1"]
[White "gummino"]
[Black "rubenov"]
[Result "1-0"]
[WhiteElo "2314"]
[BlackElo "1935"]

1. e4 e5 2. d3 Bc5 3. Nf3 d6 4. Be2 Nf6 5. Nc3 Bg4 6. Bg5 h6 7. Bxf6 Qxf6 8. d4
exd4 9. Nd5 Qd8 10. b4 Bxf3 11. gxf3 Bb6 12. Rg1 g6 13. a4 c6 14. Nxb6 Qxb6 15.
c3 dxc3 16. Qxd6 Rg8 17. O-O-O a5 18. Bc4 axb4 19. Qe5+ Kf8 20. Qf6 Qc7 21. Rd8+
1-0

[Event "AUTO-MASTER-631"]
[Site "http://www.queenalice.com/game.php?id=474545"]
[Date "2008.10.8"]
[Round "1"]
[White "Aylton"]
[Black "gummino"]
[Result "0-1"]
[WhiteElo "2007"]
[BlackElo "2303"]

1. d4 Nf6 2. c4 g6 3. Nc3 Bg7 4. e4 d6 5. f3 O-O 6. Bd3 Nfd7 7. Nge2 c5 8. d5
Ne5 9. O-O Nbd7 10. f4 Nxd3 11. Qxd3 a6 12. Be3 b5 13. cxb5 axb5 14. Qxb5 Ba6
15. Qb3 Bxc3 16. Nxc3 Bxf1 17. Kxf1 Qc7 18. Nb5 Qb7 19. a4 Nb6 20. Qc2 Nxa4 21.
Nxd6 exd6 22. Rxa4 Rxa4 23. Qxa4 Qxb2 24. Bf2 Qc1+ 0-1

[Event "AUTO-MASTER-631"]
[Site "http://www.queenalice.com/game.php?id=474546"]
[Date "2008.10.8"]
[Round "1"]
[White "gummino"]
[Black "Aylton"]
[Result "1-0"]
[WhiteElo "2306"]
[BlackElo "1938"]

1. e4 c5 2. Nf3 Nc6 3. d4 cxd4 4. Nxd4 Nf6 5. Nc3 e6 6. Ndb5 d6 7. Bf4 e5 8. Bg5
a6 9. Na3 Be6 10. Nc4 b5 11. Bxf6 gxf6 12. Ne3 Qd7 13. Ncd5 Be7 14. Nb6 Qb7 15.
Nxa8 Qxa8 16. Bd3 h5 17. h4 Nb4 18. O-O Nxd3 19. cxd3 d5 20. Qf3 d4 21. Nd5 Bxd5
22. exd5 Qd8 23. a4 b4 24. Rfc1 a5 25. Rc6 Qd7 26. Rac1 Bd8 27. Rxf6 Bxf6 28.
Qxf6 Rg8 29. Qxe5+ Kd8 30. Qb8+ 1-0

[Event "AUTO-ELITE-230"]
[Site "http://www.queenalice.com/game.php?id=476711"]
[Date "2008.10.13"]
[Round "1"]
[White "gummino"]
[Black "ENDHER"]
[Result "1-0"]
[WhiteElo "2329"]
[BlackElo "2312"]

1. e4 e5 2. Nf3 Nc6 3. Bb5 a6 4. Bxc6 bxc6 5. Nc3 d6 6. d4 exd4 7. Qxd4 c5 8.
Qd3 Bb7 9. O-O Nf6 10. Rb1 Be7 11. b4 cxb4 12. Rxb4 Rb8 13. Bf4 O-O 14. Rfb1 1-0

[Event "AUTO-ELITE-230"]
[Site "http://www.queenalice.com/game.php?id=476712"]
[Date "2008.10.13"]
[Round "1"]
[White "ENDHER"]
[Black "gummino"]
[Result "0-1"]
[WhiteElo "2324"]
[BlackElo "2317"]

1. d4 Nf6 2. c4 g6 3. Nc3 Bg7 4. e4 d6 5. Be2 O-O 6. Nf3 e5 7. dxe5 dxe5 8. Qxd8
Rxd8 9. Bg5 Be6 10. Nxe5 h6 11. Bh4 g5 12. Bg3 Na6 13. Rd1 c6 0-1